000 00364nab a22001097u 4500
008 130520b2010 xxu||||| |||| 00| 0 spa d
041 _aspa
100 1 _aBuchholz, René
_958635
245 0 0 _aTodos hermanos, todas hermanas, o cómo no se defiende el monoteísmo
_cRené Buchholz
773 0 _tConcilium
_gnº335,2010,págs. 145-152
_x0210-1041
_wRev134
942 _cAR
999 _c414892
_d414892